| 000 | 01170cam a2200277 i 4500 | ||
|---|---|---|---|
| 003 | SA-RiAUC | ||
| 005 | 20241219073905.0 | ||
| 008 | 241219s1954 ua g 00000 ara c | ||
| 040 |
_aSA-RiAUC _bara _cSA-RiAUC _erda |
||
| 082 | 0 | 4 |
_a236.4 _qSA-RiAUC |
| 090 |
_a ن 236.4 _bز ر ق |
||
| 100 | 1 |
_aالزرقاني، محمد بن عبد الباقي بن يوسف، _d1055-1122 هجري _eمؤلف. |
|
| 245 | 1 | 0 |
_aشرح الزرقاني على موطأ الإمام مالك / _cشرح محمد بن عبد الباقي الزرقاني. |
| 264 | 1 |
_aالقاهرة : _bالمكتبة التجارية الكبرى، _c1954 |
|
| 300 |
_a4 مجلد ؛ _c29 سم |
||
| 336 |
_aنص _btxt _2rdacontent _3كتاب |
||
| 337 |
_aبدون وسيط _bn _2rdamedia |
||
| 338 |
_aمجلد _bnc _2rdacarrier |
||
| 500 | _aالمكتبة يتوافر بها : مجلد 2. | ||
| 650 | 7 |
_aالفقه المالكي _2aucsh |
|
| 650 | 1 | 7 |
_aالحديث _xمسند ابن مالك _2aucsh |
| 700 | 1 | 2 |
_aالإمام مالك، مالك بن أنس بن مالك، _d93-179 هجري |
| 740 | 2 | 2 | _aالموطأ. |
| 942 |
_2ddc _cRARE BOOK _n0 |
||
| 949 |
_aSA-JeALM _d241219 _ueid123 _n1 |
||
| 999 |
_c3660 _d3660 |
||